000 00638nam a2200217Ia 4500
005 20250508160758.0
008 008 250505s9999 xx 000 0 eng d
020 _a0-13-136275-5
037 _aTextual
040 _aFEDL
_beng
_cFEDL
041 _aeng
_2eng
084 _a371.3, BUS
_qFEDL
100 _aBushell Don
_9297729
245 0 _aClassroom behavior : A little book for teachers
260 _aNew Jersey, USA
_bPrentice-Hall
_c1973
300 _axii,131p.
490 _aThe Prentice-Hall in development psychology
650 _aTeaching Techniqe
942 _cTEXL
_h371.3, BUS
999 _c1366573
_d1366573